| 000 | 00375 a2200145 4500 | ||
|---|---|---|---|
| 999 |
_c8341 _d8341 |
||
| 020 | _a0750637994 | ||
| 050 | _aQA55STE1997 | ||
| 100 | _aStephen, Moira | ||
| 245 |
_aPowerpoint 97 for windows made simple / _cMoira Stephen |
||
| 264 |
_aOxford _bMade Simple Books _c1997 |
||
| 300 | _a145p. | ||
| 500 | _aIncludes index | ||
| 650 | _aPowerpoint | ||
| 942 |
_2lcc _cBK _h55 _iSTE _kQA |
||